| 000 | 00476nam a2200193Ia 4500 | ||
|---|---|---|---|
| 003 | OSt | ||
| 005 | 20250819154249.0 | ||
| 008 | 210210b2007 xxu||||| |||| 00| 0 eng d | ||
| 040 | _cAL | ||
| 041 | _aeng | ||
| 082 | _a332.1 BASB | ||
| 100 |
_aBasava K D _9236525 |
||
| 245 |
_aBanking theory law and practice _b: Modern banking |
||
| 260 |
_aHubli _bVidhyavahini Prakashana, _c2007 |
||
| 300 | _a704p. | ||
| 690 |
_aBanking _9236530 |
||
| 906 | _a062444 | ||
| 942 |
_2ddc _cBK |
||
| 999 |
_c117567 _d117567 |
||